La Estructura del Derecho de las Obligaciones : (Record no. 3352)

000 -CABECERA
fixed length control field 01177nam a22002057a 4500
003 - IDENTIFICADOR DEL NÚMERO DE CONTROL
control field AR-CdUCM
008 - DATOS DE LONGITUD FIJA--INFORMACIÓN GENERAL
fixed length control field 190306b ||||| |||| 00| 0 spa d
040 ## - FUENTE DE LA CATALOGACIÓN
Agencia/entidad que catalogó originalmente la obra MUNICIPALIDAD PROVINCIAL DEL CUSCO
Entidad que transcribió la catalogación BIBLIOTECA MUNICIPAL DEL CUSCO
082 ## - NÚMERO DE LA CLASIFICACIÓN DECIMAL DEWEY
No. de Clasificación 340.7 /
Notacion interna G68
100 ## - ENTRADA PRINCIPAL--NOMBRE DE PERSONA
Nombre Personal Gómez Apac, R. Hugo
245 ## - MENCIÓN DE TÍTULO
Título La Estructura del Derecho de las Obligaciones :
Resto del título Diseñando esqueñas funcionales /
260 ## - PUBLICACIÓN, DISTRIBUCIÓN, ETC.
Lugar de publicación, distribución, etc. Lima :
Nombre de la editorial, distribuidor, etc. ECB Ediciones S.A.C ,
Fecha de publicación, distribución, etc. 2014.
300 ## - DESCRIPCIÓN FÍSICA
Nº de Páginas Extensión 197 páginas ;
Dimensiones 24 cm.
505 ## - NOTA DE CONTENIDO CON FORMATO
Nota de contenido formateada Contenido: Nocion del Derecho -- La norma Juridica -- La situacion juridica subjetiva -- La relacion juridica -- Las fuentes de las situaciones juridicas subjetivas y las relaciones -- La Obligacion en el mundo antiguo -- La noción de obligación en el derecho romano -- Licitd de la Prestacion -- La posibilidad Fisica y juridica -- La patrimonialidad de la presentacion -- La relacion obligacional contractual -- La Interrelacion entra la relacion obligatoria y la relacion obligacional contractual -- La Cesíon de Créditos...
650 ## - PUNTO DE ACCESO ADICIONAL DE MATERIA--TÉRMINO DE MATERIA
Descriptor Codigo Civil
9 (RLIN) 10925
650 ## - PUNTO DE ACCESO ADICIONAL DE MATERIA--TÉRMINO DE MATERIA
Descriptor Legislacion
9 (RLIN) 6380
650 ## - PUNTO DE ACCESO ADICIONAL DE MATERIA--TÉRMINO DE MATERIA
Descriptor Derecho Civil
9 (RLIN) 5265
942 ## - ELEMENTOS DE PUNTO DE ACCESO ADICIONAL (KOHA)
Fuente de clasificación
Tipo de item Libros-BMC
945 ## - PROCESAMIENTO DE INFORMACIÓN LOCAL (OCLC)
Catalogador rtm
Holdings
Estado de retiro (separado) Fuente de clasificación o esquema de estanterías Estado dañado Ubicación Sala donde se ubica Nombre de la colección Fecha de adquisición o compra Costo, precio normal en soles Signatura topográfica Código de Barras Última vez visto (Koha) Tipo de ítem (Koha)
No     Sala Humanidades Sala Humanidades Book Cart 2019-03-06 80.00 340.7 / G68 SH0000003784 2019-03-06 Libros-BMC

Powered by Koha